| 000 | 00714nam a2200253Ia 4500 | ||
|---|---|---|---|
| 008 | 170203s9999 xx 000 0 und d | ||
| 020 | _a9710871331 | ||
| 050 | _a393.3 | ||
| 050 | _b.V813m 2011 | ||
| 100 | _aViray, Edilberto Jr. | ||
| 245 | _aMacro Economics Simplified / | ||
| 245 | _cViray, Marcelino, Malveda, Avila- Bato. | ||
| 260 | _aMandaluyong City : | ||
| 260 | _bNational Book Store. | ||
| 260 | _c2011 | ||
| 300 | _a261 pages : | ||
| 300 | _billustrations ; | ||
| 300 | _c26 cm. | ||
| 650 | _aMacro Economics. | ||
| 650 | _xEconomics. | ||
| 700 | _aAvila-Bato, Ma. Jesusa, author. | ||
| 700 | _aMalveda, Lucky Raymundo M., author. | ||
| 700 | _aMarcelino, Ramon Benedicto, author. | ||
| 999 |
_c305445 _d305445 |
||